| 000 | 01405nam a2200229 4500 | ||
|---|---|---|---|
| 001 | ESSALUD | ||
| 007 | ta | ||
| 008 | t2026 pe ||||| |||| 00| 0 spa d | ||
| 040 | _aBMG | ||
| 041 | _aspa | ||
| 100 |
_aSolari Yokota, Jorge Luis _eautor _952709 |
||
| 245 | _aDesafíos del Hospital Nacional Edgardo Rebagliati Martíns hacia el 2050 | ||
| 246 | _aCarta al Editor | ||
| 300 | _apáginas 66-67 | ||
| 520 | _aEl Hospital Nacional Edgardo Rebagliati Martíns (HNERM), desde su creación en 1958, ha sido una institución emblemática de la seguridad social peruana. En la actualidad más que un hospital de alta complejidad, su situación está reflejando, y en muchos casos anticipando, las tensiones estructurales del sistema sanitario nacional. La sobre congestión y sobre saturación que hoy ocurre en sus salas y unidades críticas no solo es la expresión de la demanda actual, sino un indicio temprano de los retos y desafíos que el país enfrentará en las próximas décadas, en consonancia con la planificación sanitaria nacional al 2030 y la visión prospectiva al 2050. | ||
| 650 | _aHOSPITALES | ||
| 650 |
_aSEGURIDAD SOCIAL _92070 |
||
| 650 |
_aPERÚ _913 |
||
| 653 | _aHOSPITAL NACIONAL EDGARDO REBAGLIATI MARTÍNS | ||
| 773 | 0 |
_022497 _922595 _dLima : IETSI _oCITES01 _tCiencia y Tecnología aplicada a la Salud Pública _wESSALUD _x3119-7981 |
|
| 942 |
_cARTICULOS _e2026-06-11 _zAFC |
||
| 999 |
_c22525 _d22525 |
||